Home - Dotan (All Lyrics) - Statistics

General Stats
  • This quiz has been taken 16 times
    14 since last reset
  • The average score is 149 of 408
Answer Stats
Answer % Correct
a
100%
are
75%
in
75%
the
75%
The
75%
we
75%
We
75%
you
75%
can
50%
coming
50%
head
50%
home
50%
home,
50%
is
50%
sound
50%
us,
50%
whispering
50%
your
50%
all
25%
back?
25%
down
25%
feel
25%
it
25%
light
25%
lit
25%
now
25%
now,
25%
rivers
25%
run
25%
there
25%
Through
25%
through
25%
to
25%
up
25%
we're
25%
We're
25%
where
25%
wind
25%
again
0%
again,
0%
and
0%
as
0%
be
0%
bridges
0%
burn
0%
burning
0%
cold
0%
cold,
0%
collides
0%
comes
0%
crashing
0%
crying
0%
drown
0%
fire
0%
for
0%
hear
0%
keep
0%
loud
0%
match
0%
mercy,
0%
of
0%
our
0%
out
0%
past
0%
point
0%
running
0%
screaming
0%
shining
0%
sky
0%
strike
0%
surround
0%
them
0%
'til
0%
till
0%
town
0%
voices
0%
warmth
0%
warmth,
0%
we'll
0%
No matching quizzes found
Score Distribution
Percent of People with Each Score
Percentile by Number Answered
Your Score History
You have not taken this quiz since the last reset